Ciències Socials : Història Història
Publicado:
Barcelona :
Diputació de Barcelona. Àrea d'Educació. Gerència de Serveis d'Educació, Centre de Formació d'Adults Can Batlló ,
2009
Descripción Física:
29 cm
MARC
| LEADER | 00000nam a2200000Ia 4500 | ||
|---|---|---|---|
| 001 | 22328 | ||
| 008 | 160829s2009- xx 000 0 cat d | ||
| 080 | |a E-1-370 | ||
| 245 | |a Ciències Socials : |b Història | ||
| 260 | |a Barcelona : |b Diputació de Barcelona. Àrea d'Educació. Gerència de Serveis d'Educació, Centre de Formació d'Adults Can Batlló, |c 2009- | ||
| 300 | |a 29 cm | ||
| 590 | |a Prova d'accés al Cicle Formatiu de Grau Mitjà | ||
| 650 | |a Ciències socials |x Problemes, exercicis, etc. |9 42248 | ||
| 650 | |a Història |x Problemes, exercicis, etc. |9 42249 | ||
| 710 | |a Barcelona (Catalunya : Província). |b Gerència de Serveis d'Educació |9 52167 | ||
| 710 | 2 | |a Centre de Formació d'Adults Can Batlló |9 55011 | |
| 866 | |a Curs: 2009 - 2010 | ||
| 901 | |a Arxiu | ||
| 942 | |n 1 | ||
| 952 | |0 0 |1 0 |4 0 |6 E1370 |7 1 |9 50722 |a Arxiu |b Arxiu |d 2016-12-01 |l 0 |o E-1-370 |p 22328 |r 2016-12-01 00:00:00 |w 2016-12-01 |y ARXIU | ||
| 999 | |c 54564 |d 54564 | ||